عرض عادي
عرض مارك
- إبراهيم، إيناس السعيد،
دخول Personal Name
001 - CONTROL NUMBER
- control field: 29905
003 - CONTROL NUMBER IDENTIFIER
- control field: AE-AdECS
005 - DATE AND TIME OF LATEST TRANSACTION
- control field: 20260512140103.0
008 - FIXED-LENGTH DATA ELEMENTS
- fixed length control field: 260512|| aca||aabn | a|a d
040 ## - CATALOGING SOURCE
- Original cataloging agency: AE-AdECS
- Transcribing agency: AE-AdECS
100 ## - HEADING--PERSONAL NAME
- Personal name: إبراهيم، إيناس السعيد،
670 ## - SOURCE DATA FOUND
- Source citation: Work cat.: (AE-AdECS)295110: إبراهيم، إيناس السعيد، مؤلف., السوشيال ميديا و آثارها على المجتمع /
